*NSYNC Songs - Sudden Death - Statistics

General Stats
  • This quiz has been taken 97 times
    96 since last reset
  • The average score is 9 of 15
Answers on the Grid
Answers color-coded by a green-red scale on the quiz's grid according to % correct below.
Larger Than Life
Like I Love You
Gone
Stitches
End of the Road
Giddy Up
Merry Christmas, Happy Holidays
The Call
Tearin’ Up My Heart
What Do You Mean?
Boy with Luv
Pop
Lost Without You
Bye Bye Bye
Drowning
Blowin’ Me Up (With Her Love)
Bringin’ Da Noise
Show Me the Meaning of Being Lonely
Thinking of You (I Drive Myself Crazy)
Back for Good
I Just Wanna Be With You
Space Cowboy
As Long as You Love Me
The Game Is Over
If I’m Not the One
Steal My Girl
Digital Get Down
Quit Playing Games (with My Heart)
It’s Gonna Be Me
Trashin’ the Camp
Perfect
We’ve Got It Goin’ On
 
Answer Stats
Answer % Correct
Bye Bye Bye
88%
Tearin’ Up My Heart
88%
It’s Gonna Be Me
81%
Pop
72%
Merry Christmas, Happy Holidays
71%
Gone
64%
Space Cowboy
62%
Thinking of You (I Drive Myself Crazy)
60%
Digital Get Down
59%
Bringin’ Da Noise
57%
Giddy Up
50%
The Game Is Over
45%
I Just Wanna Be With You
38%
Trashin’ the Camp
38%
If I’m Not the One
34%
No matching quizzes found
Score Distribution
Percent of People with Each Score
Percentile by Number Answered
Your Score History
You have not taken this quiz since the last reset